DESIGNING WITH OPEARTIONAL AMPLIFIERS APPLICATIONS ALTERNATIVES (Record no. 580008)
[ view plain ]
| 000 -LEADER | |
|---|---|
| fixed length control field | 00385nam a22001337a 4500 |
| 020 ## - INTERNATIONAL STANDARD BOOK NUMBER | |
| International Standard Book Number | 0-07-023891-X |
| 082 ## - DEWEY DECIMAL CLASSIFICATION NUMBER | |
| Classification number | 621.381535 GRA'D |
| 100 ## - MAIN ENTRY--PERSONAL NAME | |
| Personal name | GRAEME, J. G |
| 9 (RLIN) | 74483 |
| 245 ## - TITLE STATEMENT | |
| Title | DESIGNING WITH OPEARTIONAL AMPLIFIERS APPLICATIONS ALTERNATIVES |
| 260 ## - PUBLICATION, DISTRIBUTION, ETC. | |
| Place of publication, distribution, etc. | NEWYORK |
| Name of publisher, distributor, etc. | MCGRAW HILL |
| Date of publication, distribution, etc. | 1977 |
| 300 ## - PHYSICAL DESCRIPTION | |
| Extent | 269P |
| 650 ## - SUBJECT ADDED ENTRY--TOPICAL TERM | |
| Topical term or geographic name entry element | OPERATIONAL AMPLIFIERS ELECTRONIC CIRCUITS |
| 9 (RLIN) | 74484 |
| 942 ## - ADDED ENTRY ELEMENTS (KOHA) | |
| Koha item type | Book |
| Withdrawn status | Lost status | Damaged status | Not for loan | Permanent Location | Current Location | Shelving location | Date acquired | Total Checkouts | Full call number | Barcode | Date last seen | Price effective from | Koha item type |
|---|---|---|---|---|---|---|---|---|---|---|---|---|---|
| College of Electrical & Mechanical Engineering (CEME) | College of Electrical & Mechanical Engineering (CEME) | General Stacks | 05/08/2017 | 621.381535 GRA'D | CEME-15184 | 06/28/2021 | 06/28/2021 | Book | |||||
| College of Electrical & Mechanical Engineering (CEME) | College of Electrical & Mechanical Engineering (CEME) | General Stacks | 05/18/2017 | 621.381535 GRA'D | CEME-14000 | 06/28/2021 | 06/28/2021 | Book |
